Every song by Caravan Palace - Statistiques

Statistiques générales
  • Ce quiz a été pris 36 fois
  • Le résultat moyen est 38 sur 64
Statistiques - réponses
Album Numéro Chanson % Correct
Caravan Palace 1 Dragons
83%
Caravan Palace 4 Jolie Coquine
83%
Caravan Palace 12 Bambous
78%
Caravan Palace 15 La Caravane
78%
Caravan Palace 11 Sofa
78%
Caravan Palace 10 L'envol
74%
<|°_°|> 1 Lone Digger
74%
Caravan Palace 2 Star Scat
74%
Caravan Palace 6 Suzy
74%
Caravan Palace 8 Violente Valse
74%
Caravan Palace 7 Je m'amuse
70%
Chronologic 1 Miracle
70%
Panic 11 Panic
70%
Panic 12 Pirates
70%
Caravan Palace 14 We Can Dance
70%
Caravan Palace 9 Brotherswing
65%
Gangbusters Melody Club 4 Raccoons
65%
Panic 5 Rock it for me
65%
<|°_°|> 5 Wonderland
65%
Chronologic 2 About You
61%
Chronologic 11 April
61%
Gangbusters Melody Club 5 Avalanches
61%
Single 1 Black Betty
61%
Gangbusters Melody Club 9 Blonde Dynamite
61%
Gangbusters Melody Club 11 City Cook
61%
Panic 10 Cotton Heads
61%
Chronologic 10 Ghosts
61%
<|°_°|> 11 Lay Down
61%
Caravan Palace 13 Lazy Place
61%
Gangbusters Melody Club 1 MAD
61%
Panic 2 Maniac
61%
Chronologic 5 Plume
61%
Gangbusters Melody Club 6 Reverse
61%
Panic 14 Sidney
61%
Gangbusters Melody Club 8 Spirits
61%
<|°_°|> 9 Wonda
61%
Gangbusters Melody Club 3 81 Special
57%
Panic 6 Clash
57%
Gangbusters Melody Club 7 Fool
57%
<|°_°|> 7 Midnight
57%
Gangbusters Melody Club 2 Mirros
57%
Gangbusters Melody Club 10 Portobello
57%
Gangbusters Melody Club 12 Villa Rose
57%
<|°_°|> 4 Aftermath
52%
<|°_°|> 2 Comics
52%
Caravan Palace 3 Ended with the night
52%
Chronologic 6 Fargo
52%
Caravan Palace 5 Oooh
52%
Chronologic 9 Supersonics
52%
Panic 3 The dirty side of the street
52%
Panic 4 12 Juin 3049
48%
Panic 9 Dramophone
48%
Chronologic 4 Melancolia
48%
<|°_°|> 3 Mighty (feat. JFTH)
48%
Chronologic 3 Moonshine
48%
Panic 7 Newbop
48%
Panic 1 Queens
48%
<|°_°|> 6 Tattoos
48%
Panic 13 Beatophone
43%
Chronologic 7 Waterguns
43%
Panic 8 Glory of Nelly
39%
Chronologic 8 Leena
39%
<|°_°|> 8 Russians
35%
<|°_°|> 10 Human Leather Shoes for Crocodile Dandies
22%
Aucun quiz correspondant
Distribution des résultats
% des personnes avec chaque résultat
Percentile par nombre de réponses
Votre historique - résultats
Vous n’avez pas pris ce quiz